MARC

LEADER 00000nam0a2200000 4500
001 141389
005 20231031142423.0
029 1 0 |a RU  |b 4.02-91; 4.05-91  |c СНиП 
035 |a (RuTPU)RU\TPU\book\153240 
035 |a RU\TPU\book\153238 
090 |a 141389 
100 |a 20080812d1992 k a0rusy50 ca 
101 0 |a rus 
102 |a RU 
105 |a a l 000zy 
200 1 |a Сборники сметных норм и расцнок на строительные работы  |a Бетонные и железобетонные конструкции монолитные  |f Госстрой СССР  |h Сборник 6 
205 |a Изд. офиц. 
210 |a Москва  |c Стройиздат  |d 1992 
215 |a 91 с.  |c ил. 
225 1 |a Строительные нормы и правила 
229 |a Утверждены постановлением Государственного строительного комитета СССР от 29 декабря 1990 г. № 115  |a Взамен сборников элементных сметных норм и единых районных единичных расценок на строительные конструкции и работы (ЕРЕР-84). Сборник 6. Бетонные и железобетонные конструкции монолитные 
610 1 |a СНиПы 
610 1 |a строительные нормы и правила 
610 1 |a сметные нормы 
610 1 |a бетонные конструкции 
610 1 |a железобетонные конструкции 
610 1 |a строительные работы 
610 1 |a фундаменты 
610 1 |a подпорные стенки 
610 1 |a колонны 
610 1 |a стены 
610 1 |a перегородки 
610 1 |a балки 
610 1 |a перекрытия 
610 1 |a тоннели 
610 1 |a бункера 
610 1 |a водопроводы 
610 1 |a канализация 
675 |a 69(083)  |v 3 
712 0 1 |a СССР  |b Государственный комитет по делам строительства (Госстрой СССР)  |c (1950-1991)  |2 stltpush  |3 (RuTPU)RU\TPU\col\7934 
801 1 |a RU  |b 63413507  |c 20080812  |g PSBO 
801 2 |a RU  |b 63413507  |c 20221207  |g PSBO 
942 |c BK